• 首页
  • 本馆介绍
  • 公告通知
  • 最新文献
  • 馆藏检索
  • 电子资源
  • 读者导购
  • 参考咨询
  • 我的图书馆
  • 登录
  • 详细信息显示
  • 放入我的书架
  • 预约/预借图书
  • 作者相关作品
  • 分类相关作品
  • 丛书相关作品
  • 出版社相关作品

书目信息

  • 表格格式
  • 工作单格式
  • 卡片格式
题名:
现代表面技术
    
 
作者: 钱苗根 编著
分册:  
出版信息: 北京   机械工业出版社  2020.7
页数: 510页
开本: 26cm
丛书名:
单 册:
中图分类: TG17 , TQ153
科图分类:
主题词: 金属表面处理 , 电镀
电子资源:
ISBN: 978-7-111-53677-2
000 01130nam0 2200277 45
001 012001002121
005 20211013153932.69
010    @a978-7-111-53677-2@dCNY69.00
096    @aTG17@bqmg
100    @a20160728d2016 em y0chiy50 ea
101 0  @achi
102    @aCN@b110000
105    @aa z 000yy
106    @ar
200 1  @a现代表面技术@Axian dai biao mian ji shu@f钱苗根编著
205    @a2版
210    @a北京@c机械工业出版社@d2020.7
215    @a510页@c图@d26cm
330    @a本书阐述了现代表面技术的含义、内容、应用和发展,介绍了固体表面和覆盖层的结构以及固体表面的性能,系统分析了各类表面技术的特点、适用范围、技术路线、典型设备、工艺措施和应用实例,论述了表面技术设计和表面测试分析的内容。书中主要内容包括:表面技术概论,固体表面和覆盖层的结构,固体表面的性能,电镀、电刷镀和化学镀,金属表面的化学处理,表面涂覆技术,气相沉积技术,表面改性技术,复合表面技术,表面加工制造,表面技术设计,表面测试分析。
606 0  @a金属表面处理
606 0  @a电镀
690    @aTG17@v5
690    @aTQ153@v5
701  0 @a钱苗根@Aqian miao gen@4编著
801  0 @aCN@bBJSDL@c20211011
905    @b1338519-22@dTG17@e96=2@f4
    
    现代表面技术/钱苗根编著.-2版.-北京:机械工业出版社,2020.7
    510页:图;26cm
    
    
    ISBN 978-7-111-53677-2:CNY69.00
    本书阐述了现代表面技术的含义、内容、应用和发展,介绍了固体表面和覆盖层的结构以及固体表面的性能,系统分析了各类表面技术的特点、适用范围、技术路线、典型设备、工艺措施和应用实例,论述了表面技术设计和表面测试分析的内容。书中主要内容包括:表面技术概论,固体表面和覆盖层的结构,固体表面的性能,电镀、电刷镀和化学镀,金属表面的化学处理,表面涂覆技术,气相沉积技术,表面改性技术,复合表面技术,表面加工制造,表面技术设计,表面测试分析。
●
相关链接 在E读中查询图书 在五车中查询图书 在当当中查询图书 在豆瓣中查询图书


正题名:现代表面技术     索取号:TG17/96=2         预约/预借

序号 登录号 条形码 馆藏地/架位号 状态 备注
1 1338519   213385193   第二样本阅览室/ [索取号:TG17/96=2] 在馆    
2 1338520   213385200   第三借阅区/ [索取号:TG17/96=2] 在馆    
3 1338521   213385219   第三借阅区/ [索取号:TG17/96=2] 在馆    
4 1338522   213385228   第三借阅区/ [索取号:TG17/96=2] 在馆    
欢迎您!
大连网信软件有限公司© 版权所有